000 00446nam a2200181Ia 4500
003 GCL
008 140319s9999 xx 000 0 eng d
040 _aGCL /
_cGCL
082 0 4 _a722.7
_bG J
100 1 _aGRIMAL, PIERRE
245 1 0 _aLES JARDINS ROMAINS /
_cGRIMAL, PIERRE
260 _a[S.N] :
_bFAYARD
300 _a518 P
650 0 4 _aARCHITECTURAL STYLE
650 0 4 _aARCHITECTURE
650 0 4 _aROMAN - ARCHITECTURE
942 _2ddc
_cBK
999 _c24319
_d24319